Statistiques concernant Pays qui battent les Etats-Unis

Cliquez ici pour prendre le quiz!

Statistiques générales

  • Ce quiz a été pris 25 187 fois
  • Le résultat moyen est 13 sur 21

Statistiques - réponses

RangCatégoriePays% Correct
3PopulationChine, Inde
100%
4Surface du territoireRussie, Canada, Chine
100%
4Production de vinItalie, Espagne, France
99%
4Territoire le plus au NordCanada, Russie, Norvège
98%
3Nombre de touristes internationauxFrance, Espagne
98%
4Nombre de locuteurs espagnolsMexique, Colombie, Argentine
94%
4Séismes de magnitude supérieure à 7,5 depuis 1900Indonésie, Japon, Chili
90%
4Médailles olympiques en ski alpinAutriche, Suisse, France
89%
2Nombre de missiles nucléairesRussie
86%
2Coureur le plus rapide au cent mètresJamaïque
85%
5Nombre de loupsCanada, Kazakhstan, Russie, Mongolie
65%
5Nombre de langues parléesPapouasie Nouvelle Guinée,
Indonésie,...
50%
2Territoires agricolesInde
49%
2Nombre de médailles aux Jeux Olympiques d'hiverNorvège
39%
2Nombre de volcans actifsIndonésie
35%
10Taux d'obésité le plus élevéNauru, Palaos,...
30%
2Nombre d'îles de plus de 10 km²Canada
29%
9Emissions de CO2 par habitant les plus importantesQatar, Koweit,...
29%
3Consommation de viande de boeuf par habitant
la plus importante
Argentine, Uruguay
21%
2Nombre de rayures sur le drapeauMalaisie
18%
2Médailles d'or olympiques au baseballCuba
13%

Distribution des résultats

Percentile par nombre de réponses

% des personnes avec chaque résultat

Votre développement - résultats

Vous n’avez pas pris ce quiz